[Event "43rd POL-ch"]
[Site "Bytom POL"]
[Date "1986.02.??"]
[Round "12"]
[White "Flis, Jacek"]
[Black "Adamski, Jan"]
[Result "0-1"]
[WhiteElo "2305"]
[BlackElo "2380"]
[EventDate "1986.02.02"]
[PlyCount "106"]

1.e4 c5 2.Nf3 d6 3.d4 cxd4 4.Nxd4 Nf6 5.Nc3 e6 6.g3 a6 7.Bg2 Be7 8.O-O Qc7
9.Nce2 Nbd7 10.c3 O-O 11.Qc2 Rb8 12.h3 b5 13.Bg5 Bb7 14.Rad1 Nc5 15.f3 d5 
16.e5 Qxe5 17.Bf4 Qh5 18.g4 Qg6 19.Qxg6 hxg6 20.Bxb8 Rxb8 21.Nc1 g5 22.
Ncb3 Na4 23.Rd2 Bd6 24.Re2 Rc8 25.Rd1 Bf4 26.Kf2 Nd7 27.Rc2 Ne5 28.Na5 Ba8
29.Ne2 Nc5 30.Nxf4 gxf4 31.Bf1 g5 32.Nb3 Na4 33.Nd4 Nc4 34.Bxc4 bxc4 35.
Rdd2 Nc5 36.Kg1 Bc6 37.b4 cxb3 38.axb3 Bd7 39.Ra2 e5 40.Nf5 Bxf5 41.gxf5 
Nxb3 42.Rxd5 Rxc3 43.Rxe5 Nd4 44.Rd5 Nxf3+ 45.Kf2 Kg7 46.Rxa6 Nh4 47.Rd8 
Rc2+ 48.Ke1 Ng2+ 49.Kf1 Ne3+ 50.Ke1 f3 51.f6+ Kh7 52.Rd2 Rxd2 53.Kxd2 f2 
0-1

[Event "43rd POL-ch"]
[Site "Bytom POL"]
[Date "1986.02.??"]
[Round "12"]
[White "Panczyk, Krzysztof"]
[Black "Bany, Jerzy"]
[Result "0-1"]
[WhiteElo "2375"]
[BlackElo "2390"]
[EventDate "1986.02.02"]
[PlyCount "166"]

1.d4 d5 2.c4 c6 3.Nc3 Nf6 4.Nf3 e6 5.Bg5 dxc4 6.e4 b5 7.e5 h6 8.Bh4 g5 9.
Nxg5 hxg5 10.Bxg5 Nbd7 11.exf6 Qa5 12.g3 b4 13.Ne4 Ba6 14.b3 Nb6 15.Qc2 
O-O-O 16.Rd1 Qf5 17.Be2 c5 18.bxc4 Nxc4 19.f3 Bb7 20.Qxc4 Bxe4 21.fxe4 
Qxg5 22.Qa6+ Kb8 23.Qb5+ Kc8 24.Qc6+ Kb8 25.Qb5+ Kc8 26.Qc6+ Kb8 27.e5 Qe3
28.Qb5+ Kc8 29.Qc6+ Kb8 30.Rd3 Qc1+ 31.Kf2 Qb2 32.Qb5+ Kc8 33.Qc6+ Kb8 34.
h4 Rh5 35.Qb5+ Kc8 36.Qc6+ Kb8 37.g4 Rh7 38.Qb5+ Kc8 39.Qc6+ Kb8 40.h5 
Qxa2 41.Qb5+ Kc7 42.dxc5 Rxd3 43.Qxd3 Rh8 44.Rc1 Qb2 45.Rd1 Bxc5+ 46.Kf1 
Kb8 47.Rb1 Qa2 48.Qb5+ Bb6 49.Rd1 Qb2 50.Qc6 Rc8 51.Qd6+ Bc7 52.Qd4 Bxe5 
53.Qxb2 Bxb2 54.Ba6 Rc1 55.Rxc1 Bxc1 56.Ke2 Bg5 57.Kd3 Bxf6 58.Kc4 Kc7 59.
Kxb4 Kd6 60.Bb5 Bg5 61.Kc4 Ke5 62.Be8 Kf6 63.Kd4 Ke7 64.Ba4 Kd6 65.Be8 Ke7
66.Ba4 Kf8 67.Ke5 a5 68.Bb5 Kg7 69.Be8 Kf8 70.Bb5 Ke7 71.Ba4 Bc1 72.Bb5 
Bd2 73.Ba4 Bh6 74.Bb5 f6+ 75.Kd4 Kd6 76.Ba4 e5+ 77.Kc4 e4 78.Kd4 e3 79.Bd1
Bg5 80.Kd3 Kc5 81.Ba4 Kb4 82.Bd1 a4 83.Bf3 a3 0-1

[Event "43rd POL-ch"]
[Site "Bytom POL"]
[Date "1986.02.??"]
[Round "12"]
[White "Pokojowczyk, Jerzy"]
[Black "Stempin, Pawel"]
[Result "0-1"]
[WhiteElo "2380"]
[BlackElo "2400"]
[EventDate "1986.02.02"]
[PlyCount "52"]

1.e4 c5 2.Nf3 d6 3.d4 cxd4 4.Nxd4 Nf6 5.Nc3 a6 6.Bg5 e6 7.f4 Qb6 8.Qd2 
Qxb2 9.Rb1 Qa3 10.f5 Nc6 11.fxe6 fxe6 12.Nxc6 bxc6 13.Be2 Be7 14.Rb3 Qa5 
15.O-O Qd8 16.Qf4 O-O 17.Qh4 e5 18.Nd1 Be6 19.Rg3 Rf7 20.Ne3 d5 21.exd5 
cxd5 22.Bh5 Nxh5 23.Qxh5 Rxf1+ 24.Kxf1 d4 25.Bh6 Bf6 26.Bxg7 Bxg7 0-1

[Event "43rd POL-ch"]
[Site "Bytom POL"]
[Date "1986.02.??"]
[Round "12"]
[White "Staniszewski, Piotr"]
[Black "Czerwonski, Aleksander"]
[Result "1-0"]
[WhiteElo "2405"]
[BlackElo "2320"]
[EventDate "1986.02.02"]
[PlyCount "83"]

1.d4 Nf6 2.c4 g6 3.Nf3 Bg7 4.g3 O-O 5.Bg2 c5 6.O-O d6 7.Nc3 cxd4 8.Nxd4 
Qa5 9.h3 Nc6 10.Ncb5 a6 11.Bd2 Qb6 12.Nxc6 bxc6 13.Be3 Qb7 14.Nd4 Bd7 15.
Qd2 a5 16.Rab1 Rfb8 17.Rfd1 Qc7 18.b3 d5 19.Rbc1 e5 20.cxd5 exd4 21.Bf4 
Qc8 22.Bxb8 Rxb8 23.dxc6 Be6 24.c7 Rb4 25.a3 Rxb3 26.Qxd4 Nd7 27.Qa7 Bb2 
28.Rc6 Kg7 29.Qa6 Qxa6 30.Rxa6 Nb6 31.Rd3 Rxd3 32.exd3 Bd4 33.Rxa5 Kf8 34.
Ra7 Ke8 35.Bc6+ Kf8 36.h4 Nc8 37.Ra8 Ke7 38.Bb7 Nb6 39.Ra6 Bg4 40.a4 Nc8 
41.Ra8 Nb6 42.Rg8 1-0

[Event "43rd POL-ch"]
[Site "Bytom POL"]
[Date "1986.02.??"]
[Round "12"]
[White "Sygulski, Artur"]
[Black "Dybowski, Jerzy"]
[Result "1-0"]
[WhiteElo "2440"]
[BlackElo "2365"]
[EventDate "1986.02.02"]
[PlyCount "41"]

1.d4 f5 2.c4 Nf6 3.Nc3 g6 4.g3 Bg7 5.Bg2 O-O 6.Nh3 d6 7.d5 c6 8.Nf4 e5 9.
dxe6 Qe7 10.h4 Na6 11.h5 Nxh5 12.Nxh5 gxh5 13.Bf4 Qxe6 14.Qxd6 Qxc4 15.Nd5
Kh8 16.Be5 Qc5 17.Bxg7+ Kxg7 18.Qe5+ Kg8 19.Rxh5 Bd7 20.Rg5+ Kf7 21.Rg7# 
1-0

[Event "43rd POL-ch"]
[Site "Bytom POL"]
[Date "1986.02.??"]
[Round "13"]
[White "Adamski, Jan"]
[Black "Pokojowczyk, Jerzy"]
[Result "1/2-1/2"]
[WhiteElo "2380"]
[BlackElo "2380"]
[EventDate "1986.02.02"]
[PlyCount "42"]

1.d4 Nf6 2.Nf3 e6 3.g3 b5 4.Bg2 Bb7 5.O-O c5 6.Bg5 Na6 7.c3 Be7 8.Qd3 c4 
9.Qc2 Rc8 10.Nbd2 Bxf3 11.Nxf3 O-O 12.e4 h6 13.e5 Nd5 14.Bxe7 Nxe7 15.Nh4 
Qb6 16.f4 f5 17.exf6 Rxf6 18.Rae1 Rcf8 19.Bh3 Nc7 20.f5 Nxf5 21.Nxf5 exf5 
1/2-1/2

[Event "43rd POL-ch"]
[Site "Bytom POL"]
[Date "1986.02.??"]
[Round "13"]
[White "Dybowski, Jerzy"]
[Black "Staniszewski, Piotr"]
[Result "0-1"]
[WhiteElo "2365"]
[BlackElo "2405"]
[EventDate "1986.02.02"]
[PlyCount "54"]

1.d4 Nf6 2.c4 g6 3.Nc3 d5 4.f3 c5 5.dxc5 d4 6.Nb5 Nc6 7.e3 e5 8.exd4 Nxd4 
9.Nxd4 exd4 10.Bd3 Bxc5 11.Ne2 O-O 12.O-O b5 13.Nf4 g5 14.Nd5 bxc4 15.
Nxf6+ Qxf6 16.Bxc4 d3+ 17.Kh1 Bf5 18.Bd2 Qxb2 19.Rc1 Bb4 20.Rf2 Rae8 21.
Rb1 Qd4 22.Bxb4 Qxf2 23.Bxf8 Kxf8 24.Qc1 d2 25.Qa3+ Kg7 26.Qc3+ Kh6 27.
Qf6+ Bg6 0-1

[Event "43rd POL-ch"]
[Site "Bytom POL"]
[Date "1986.02.??"]
[Round "13"]
[White "Hawelko, Marek"]
[Black "Nowak, Ignacy"]
[Result "1-0"]
[WhiteElo "2440"]
[BlackElo "2420"]
[EventDate "1986.02.02"]
[PlyCount "121"]

1.d4 Nf6 2.c4 g6 3.Nc3 Bg7 4.e4 d6 5.h3 Nbd7 6.Bg5 O-O 7.Nf3 h6 8.Be3 e5 
9.d5 Nc5 10.Nd2 a5 11.g4 c6 12.Be2 Bd7 13.f3 Rb8 14.Nb3 b6 15.Qd2 cxd5 16.
cxd5 Ne8 17.h4 Kh7 18.h5 g5 19.O-O Nc7 20.Rfb1 Bf6 21.Nc1 b5 22.Nd3 b4 23.
Nd1 Nxd3 24.Bxd3 Nb5 25.a4 Nc7 26.Rc1 Qc8 27.b3 Qb7 28.Nb2 Bd8 29.Nc4 Ne8 
30.Rc2 Kg7 31.Rac1 f6 32.Qf2 Rf7 33.Ba7 Bb5 34.Be3 Bd7 35.Kg2 Bc8 36.Nb2 
Bd7 37.Nc4 Bc8 38.Nb6 Bxg4 39.fxg4 Bxb6 40.Bxb6 Qxb6 41.Qxb6 Rxb6 42.Rc8 
Re7 43.Bb5 Kf7 44.Bxe8+ Rxe8 45.Rxe8 Kxe8 46.Rc8+ Kf7 47.Rc7+ Kf8 48.Rd7 
Rb8 49.Rxd6 Rc8 50.Rxf6+ Ke7 51.Rxh6 Rc2+ 52.Kf1 Rc3 53.Rb6 Rxb3 54.h6 Rh3
55.Ke2 Kf7 56.h7 Kg7 57.Rb7+ Kh8 58.d6 Rh2+ 59.Kd3 Rh3+ 60.Kd2 Rh2+ 61.Kc1
1-0

[Event "43rd POL-ch"]
[Site "Bytom POL"]
[Date "1986.02.??"]
[Round "13"]
[White "Stempin, Pawel"]
[Black "Sygulski, Artur"]
[Result "0-1"]
[WhiteElo "2400"]
[BlackElo "2440"]
[EventDate "1986.02.02"]
[PlyCount "98"]

1.d4 d5 2.Nf3 Nf6 3.c4 c6 4.Nc3 Qb6 5.Qb3 dxc4 6.Qxc4 Bf5 7.g3 e6 8.Bg2 
Qb4 9.Nd2 Nbd7 10.a3 Qxc4 11.Nxc4 Nb6 12.Ne5 Rd8 13.e4 Bg6 14.Be3 Nfd7 15.
Nxg6 hxg6 16.Rd1 Nc4 17.Bc1 e5 18.Ke2 exd4 19.Rxd4 Nce5 20.Rdd1 Nc5 21.
Rxd8+ Kxd8 22.h4 Nb3 23.Rd1+ Kc7 24.Bf4 Bd6 25.Bh3 Rd8 26.Bxe5 Bxe5 27.
Rxd8 Kxd8 28.Nd1 b5 29.f4 Bd4 30.e5 a5 31.Bg2 Kc7 32.Be4 Nc5 33.Bc2 a4 34.
Bb1 Kd7 35.Kf3 Nb3 36.Ba2 c5 37.Bxb3 axb3 38.Ke4 Ke6 39.g4 f5+ 40.exf6 
Bxf6 41.g5 Bd4 42.h5 gxh5 43.f5+ Kf7 44.Kf4 g6 45.f6 Ke6 46.Kg3 c4 47.Kf4 
Be5+ 48.Kf3 c3 49.bxc3 Bd6 0-1

[Event "43rd POL-ch"]
[Site "Bytom POL"]
[Date "1986.02.??"]
[Round "14"]
[White "Flis, Jacek"]
[Black "Hawelko, Marek"]
[Result "0-1"]
[WhiteElo "2305"]
[BlackElo "2440"]
[EventDate "1986.02.02"]
[PlyCount "84"]

1.e4 c5 2.Nf3 d6 3.d4 cxd4 4.Nxd4 Nf6 5.Nc3 Nc6 6.Bc4 Bd7 7.O-O g6 8.Bg5 
Bg7 9.Nf3 O-O 10.h3 Rc8 11.Qe2 h6 12.Be3 g5 13.Nh2 Ne5 14.Bb3 Qa5 15.f4 
gxf4 16.Bxf4 Rxc3 17.bxc3 Qxc3 18.Rae1 Bc6 19.Bd2 Qd4+ 20.Be3 Qxe4 21.Bxa7
Qg6 22.Nf3 Ne4 23.Nh4 Qg5 24.Nf5 Nc3 25.Nxe7+ Qxe7 26.Qe3 Qg5 27.Qxg5 hxg5
28.Rf5 Ne4 29.Kh2 g4 30.hxg4 Nxg4+ 31.Kg1 Ne5 32.Rf4 Nc5 33.Bb6 Rc8 34.Rd1
Ng6 35.Rg4 Nxb3 36.axb3 Bd7 37.Re4 Be5 38.Bd4 Bf5 39.Re2 Rxc2 40.Rxc2 Bxc2
41.Rd2 Bxb3 42.Bxe5 dxe5 0-1

[Event "43rd POL-ch"]
[Site "Bytom POL"]
[Date "1986.02.??"]
[Round "14"]
[White "Nowak, Ignacy"]
[Black "Kuczynski, Robert"]
[Result "1/2-1/2"]
[WhiteElo "2420"]
[BlackElo "2410"]
[EventDate "1986.02.02"]
[PlyCount "85"]

1.d4 d5 2.c4 c6 3.Nf3 Nf6 4.Nc3 e6 5.Bg5 h6 6.Bxf6 Qxf6 7.e3 Nd7 8.Bd3 Qd8
9.O-O Be7 10.a3 O-O 11.Qc2 a6 12.Rfc1 f5 13.cxd5 cxd5 14.Na4 Bd6 15.b4 Qe7
16.Qb3 b6 17.Qc3 Bb7 18.Ne5 Rfc8 19.Qb2 Bxe5 20.dxe5 b5 21.Nc5 Nxc5 22.
bxc5 Rxc5 23.Rxc5 Qxc5 24.Rc1 Qe7 25.Qb4 Qd7 26.g4 fxg4 27.Qxg4 Rc8 28.
Rxc8+ Bxc8 29.h4 Qc7 30.Qb4 Kf7 31.Qf4+ Ke8 32.Kg2 Qe7 33.a4 Bd7 34.Bg6+ 
Kd8 35.Qd4 Qa3 36.Qb6+ Ke7 37.a5 Qb4 38.Kg3 Qc3 39.Qd6+ Kd8 40.Qf8+ Kc7 
41.Qd6+ Kd8 42.Qf8+ Kc7 43.Qd6+ 1/2-1/2

[Event "43rd POL-ch"]
[Site "Bytom POL"]
[Date "1986.02.??"]
[Round "14"]
[White "Panczyk, Krzysztof"]
[Black "Dybowski, Jerzy"]
[Result "1-0"]
[WhiteElo "2375"]
[BlackElo "2365"]
[EventDate "1986.02.02"]
[PlyCount "129"]

1.d4 f5 2.g3 Nf6 3.Bg2 g6 4.Nf3 Bg7 5.O-O O-O 6.b3 d6 7.Bb2 c6 8.Nbd2 Nbd7
9.Ne1 e5 10.Nc4 d5 11.Nxe5 Nxe5 12.dxe5 Ng4 13.Nd3 Re8 14.Qd2 Qb6 15.Qf4 
Qc7 16.c4 dxc4 17.Qxc4+ Be6 18.Qf4 Bh6 19.Qb4 Bg7 20.Qd6 Qxd6 21.exd6 Bxb2
22.Nxb2 Rad8 23.Rfd1 Nf6 24.e3 Bd5 25.Nc4 Bxc4 26.bxc4 Ne4 27.Bxe4 Rxe4 
28.c5 Rc4 29.Rab1 Rd7 30.Rxb7 Rxb7 31.d7 Rb8 32.d8=R+ Rxd8 33.Rxd8+ Kg7 
34.Rd7+ Kh6 35.Rxa7 Rxc5 36.a4 Rc2 37.Rc7 Ra2 38.Rxc6 Rxa4 39.Rc7 Ra2 40.
Kg2 Rb2 41.h3 Rb6 42.f4 Rb2+ 43.Kf3 Rh2 44.h4 Rh1 45.e4 fxe4+ 46.Kxe4 Re1+
47.Kf3 Ra1 48.g4 Ra3+ 49.Ke4 Ra4+ 50.Ke5 Ra5+ 51.Kf6 Ra6+ 52.Kf7 Ra4 53.
Re7 Rb4 54.Kf8 Rb8+ 55.Re8 Rb6 56.Kg8 Rb7 57.Rf8 Ra7 58.Kh8 Rb7 59.Kg8 Ra7
60.g5+ Kh5 61.Rf7 Ra8+ 62.Kxh7 Ra6 63.f5 gxf5 64.g6 Rxg6 65.Rxf5+ 1-0

[Event "43rd POL-ch"]
[Site "Bytom POL"]
[Date "1986.02.??"]
[Round "14"]
[White "Pokojowczyk, Jerzy"]
[Black "Dejkalo, Stefan"]
[Result "0-1"]
[WhiteElo "2380"]
[BlackElo "2435"]
[EventDate "1986.02.02"]
[PlyCount "78"]

1.e4 c5 2.Nf3 Nc6 3.d4 cxd4 4.Nxd4 Nf6 5.Nc3 d6 6.Bg5 e6 7.Qd2 Nxd4 8.Qxd4
Bd7 9.Nb5 Bc6 10.e5 dxe5 11.Qxe5 Rc8 12.Nxa7 Bd6 13.Qd4 Rc7 14.Nxc6 bxc6 
15.Bxf6 gxf6 16.Rd1 Ke7 17.Bc4 Rd7 18.c3 Qb8 19.Bb3 h5 20.h3 Rg8 21.Qe4 
Rc7 22.O-O Rg5 23.f4 Rg7 24.Kh1 c5 25.Rfe1 Qc8 26.f5 c4 27.fxe6 fxe6 28.
Qd5 Bg3 29.Ba4 Bxe1 30.Rxe1 Rg5 31.Qe4 Qg8 32.Qf4 Rcc5 33.Rd1 Rgd5 34.Rxd5
Rxd5 35.Qc7+ Kf8 36.Qc8+ Kg7 37.Qc7+ Kh6 38.Qxc4 Qg3 39.Qf1 Kg7 0-1

[Event "43rd POL-ch"]
[Site "Bytom POL"]
[Date "1986.02.??"]
[Round "14"]
[White "Stempin, Pawel"]
[Black "Adamski, Jan"]
[Result "1/2-1/2"]
[WhiteElo "2400"]
[BlackElo "2380"]
[EventDate "1986.02.02"]
[PlyCount "28"]

1.d4 Nf6 2.c4 e6 3.Nc3 Bb4 4.Qc2 O-O 5.a3 Bxc3+ 6.Qxc3 b6 7.Bg5 Bb7 8.e3 
d6 9.f3 Nbd7 10.Bd3 c5 11.Ne2 h6 12.Bh4 cxd4 13.Qxd4 Ne5 14.e4 Ba6 1/2-1/2

[Event "43rd POL-ch"]
[Site "Bytom POL"]
[Date "1986.02.??"]
[Round "14"]
[White "Sygulski, Artur"]
[Black "Staniszewski, Piotr"]
[Result "1-0"]
[WhiteElo "2440"]
[BlackElo "2405"]
[EventDate "1986.02.02"]
[PlyCount "73"]

1.d4 Nf6 2.c4 g6 3.Nc3 d5 4.cxd5 Nxd5 5.Nf3 Bg7 6.e4 Nxc3 7.bxc3 c5 8.Be3 
O-O 9.Rc1 Qa5 10.Qd2 Nd7 11.d5 Rd8 12.c4 Qxd2+ 13.Nxd2 e6 14.Be2 exd5 15.
cxd5 b6 16.Bg5 Bf6 17.h4 Kg7 18.g4 h6 19.Be3 g5 20.hxg5 hxg5 21.Nc4 Be7 
22.d6 Bf6 23.Rh5 Re8 24.Bxg5 Rxe4 25.Be3 Bb7 26.g5 Bd4 27.Bd3 Rg4 28.Ke2 
Be4 29.Bxe4 Rxe4 30.Rch1 Rae8 31.g6 Nf6 32.gxf7 Kxf7 33.d7 Nxh5 34.Nd6+ 
Kg6 35.dxe8=Q+ Rxe8 36.Nxe8 Bxe3 37.Kxe3 1-0

[Event "43rd POL-ch"]
[Site "Bytom POL"]
[Date "1986.02.??"]
[Round "14"]
[White "Tomaszewski, Roman"]
[Black "Bany, Jerzy"]
[Result "1/2-1/2"]
[WhiteElo "2390"]
[BlackElo "2390"]
[EventDate "1986.02.02"]
[PlyCount "45"]

1.d4 e6 2.c4 d5 3.Nc3 c6 4.cxd5 exd5 5.Nf3 Bf5 6.Bf4 Nf6 7.e3 Be7 8.Bd3 
Bg6 9.Qc2 Nbd7 10.O-O O-O 11.Rab1 Re8 12.Nd2 Nf8 13.Bg3 Ne6 14.Bxg6 hxg6 
15.Na4 Bd6 16.Rfc1 Bxg3 17.hxg3 Qd6 18.Nc5 Nxc5 19.Qxc5 Qxc5 20.Rxc5 Nd7 
21.Rc3 Nb6 22.b3 Nc8 23.Kf1 1/2-1/2

[Event "43rd POL-ch"]
[Site "Bytom POL"]
[Date "1986.02.??"]
[Round "15"]
[White "Adamski, Jan"]
[Black "Sygulski, Artur"]
[Result "1/2-1/2"]
[WhiteElo "2380"]
[BlackElo "2440"]
[EventDate "1986.02.02"]
[PlyCount "50"]

1.d4 d5 2.c4 e6 3.g3 Nf6 4.Bg2 c5 5.Nf3 Nc6 6.O-O dxc4 7.Ne5 Bd7 8.Nxc6 
Bxc6 9.Bxc6+ bxc6 10.Qa4 cxd4 11.Qxc6+ Nd7 12.Qxc4 Bc5 13.Nd2 O-O 14.Ne4 
Bb6 15.Bg5 Ne5 16.Bxd8 Nxc4 17.Bxb6 axb6 18.b3 Ne5 19.Rfd1 Rfd8 20.Rd2 
Rac8 21.f4 Ng4 22.Nf2 Ne3 23.Nd1 Ng4 24.Nf2 Ne3 25.Nd1 Ng4 1/2-1/2

[Event "43rd POL-ch"]
[Site "Bytom POL"]
[Date "1986.02.??"]
[Round "15"]
[White "Bany, Jerzy"]
[Black "Nowak, Ignacy"]
[Result "1/2-1/2"]
[WhiteElo "2390"]
[BlackElo "2420"]
[EventDate "1986.02.02"]
[PlyCount "90"]

1.Nf3 g6 2.d4 Nf6 3.c4 Bg7 4.g3 O-O 5.Bg2 d6 6.O-O Nc6 7.Nc3 a6 8.h3 Rb8 
9.a4 a5 10.e4 e5 11.Be3 Nd7 12.Nd5 exd4 13.Nxd4 Nxd4 14.Bxd4 Nf6 15.Rc1 
Re8 16.Qd3 Bd7 17.b3 Nxd5 18.cxd5 Bxd4 19.Qxd4 c5 20.dxc6 Bxc6 21.Rfd1 Qe7
22.Qxd6 Bxe4 23.Rc7 Qxd6 24.Rxd6 Bxg2 25.Kxg2 b5 26.Rdd7 Rf8 27.Ra7 bxa4 
28.bxa4 Rb6 29.Rxa5 Rf6 30.Rd2 Rc8 31.Ra2 Kg7 32.Ra7 Rc3 33.a5 Rc5 34.a6 
Rcc6 35.g4 g5 36.Ra8 h6 37.h4 gxh4 38.a7 Ra6 39.Rxa6 Rxa6 40.Kh3 Ra4 41.
Kxh4 Ra3 42.f3 Ra1 43.Kg3 Ra4 44.f4 Ra1 45.f5 Ra2 1/2-1/2

[Event "43rd POL-ch"]
[Site "Bytom POL"]
[Date "1986.02.??"]
[Round "15"]
[White "Dejkalo, Stefan"]
[Black "Stempin, Pawel"]
[Result "0-1"]
[WhiteElo "2435"]
[BlackElo "2400"]
[EventDate "1986.02.02"]
[PlyCount "112"]

1.g3 g6 2.Bg2 Bg7 3.e4 c5 4.f4 Nc6 5.Nf3 d5 6.exd5 Qxd5 7.Nc3 Qd8 8.Ne4 b6
9.d3 Bb7 10.O-O Qd7 11.Rb1 Nf6 12.Nxf6+ Bxf6 13.a3 O-O 14.Be3 Rac8 15.Nd2 
Nd4 16.Bxb7 Qxb7 17.Nf3 Rfd8 18.Bxd4 cxd4 19.Rf2 Rc7 20.Nd2 Qd5 21.h4 Rdc8
22.Ne4 Bg7 23.Rc1 f5 24.Ng5 e5 25.Qf3 Qd6 26.fxe5 Bxe5 27.Kg2 Bg7 28.g4 h6
29.Nh3 Rf8 30.g5 Re8 31.Nf4 Rc5 32.Re2 Rxe2+ 33.Nxe2 hxg5 34.hxg5 Qe7 35.
Nf4 Qxg5+ 36.Kf1 Be5 37.Qa8+ Kh7 38.Qh1+ Qh6 39.Qxh6+ Kxh6 40.Ne2 Rc7 41.
c4 g5 42.b4 Kg6 43.a4 f4 44.Ng1 g4 45.Re1 Kf5 46.Re4 f3 47.Kf2 Rh7 48.Nxf3
gxf3 49.Kxf3 Rh2 50.c5 bxc5 51.bxc5 Rd2 52.Rh4 Rxd3+ 53.Ke2 Rc3 54.Rh7 Ke4
55.Rxa7 d3+ 56.Kd1 Bf4 0-1

[Event "43rd POL-ch"]
[Site "Bytom POL"]
[Date "1986.02.??"]
[Round "15"]
[White "Hawelko, Marek"]
[Black "Pokojowczyk, Jerzy"]
[Result "0-1"]
[WhiteElo "2440"]
[BlackElo "2380"]
[EventDate "1986.02.02"]
[PlyCount "52"]

1.e4 c5 2.Nf3 d6 3.d4 cxd4 4.Nxd4 Nf6 5.Nc3 a6 6.f4 Qc7 7.Bd3 g6 8.Nf3 
Nbd7 9.O-O Bg7 10.a4 b6 11.Kh1 Bb7 12.Qe1 Nc5 13.e5 dxe5 14.fxe5 Ng4 15.
Qg3 Nxe5 16.Ng5 Qd7 17.Bc4 Nxc4 18.Rxf7 Bxc3 19.Bf4 Bf6 20.Rxf6 exf6 21.
Re1+ Ne5 22.Nxh7 Qxh7 23.Bxe5 fxe5 24.Qxe5+ Kd8 25.Rd1+ Kc8 26.a5 Qh3 0-1

[Event "43rd POL-ch"]
[Site "Bytom POL"]
[Date "1986.02.??"]
[Round "15"]
[White "Kuczynski, Robert"]
[Black "Flis, Jacek"]
[Result "1/2-1/2"]
[WhiteElo "2410"]
[BlackElo "2305"]
[EventDate "1986.02.02"]
[PlyCount "160"]

1.e4 c5 2.Nc3 e6 3.Nf3 Nc6 4.Bb5 Qc7 5.O-O a6 6.Bxc6 Qxc6 7.d4 cxd4 8.Qxd4
b5 9.Re1 Qc5 10.Qd3 Bb7 11.e5 d5 12.Nd4 Ne7 13.Be3 Qc4 14.Nce2 Rc8 15.f4 
Nc6 16.Nxc6 Bxc6 17.Nd4 Bd7 18.Qd2 Qc7 19.c3 Be7 20.Rf1 O-O 21.Qf2 f6 22.
exf6 Bxf6 23.Qd2 Qd6 24.Nf3 Be8 25.Bd4 Bg6 26.a4 bxa4 27.Rxa4 Bxd4+ 28.
Rxd4 Qe7 29.Qe2 Be4 30.Qe3 Rb8 31.Rd2 Qc7 32.Ng5 Qb6 33.Qxb6 Rxb6 34.g3 
Bf5 35.Nf3 Rfb8 36.Rff2 a5 37.Rfe2 a4 38.Kf2 Rc8 39.Nd4 Bg4 40.Nf3 a3 41.
bxa3 Rxc3 42.Nd4 Bxe2 43.Rxe2 Kf7 44.Ra2 Ra6 45.Nc2 Ra4 46.Ke2 Rb3 47.Ra1 
Rb2 48.Kd3 Rc4 49.Nd4 Rxh2 50.Nf3 Rg2 51.Ne5+ Ke7 52.Nxc4 dxc4+ 53.Kxc4 
Rxg3 54.Kd4 Rg4 55.Ke5 Rh4 56.Rg1 g6 57.a4 Rh5+ 58.Ke4 Ra5 59.Ra1 Kf6 60.
Kf3 Kf5 61.Kg3 Rc5 62.Ra3 Ra5 63.Ra1 h5 64.Ra2 h4+ 65.Kxh4 Kxf4 66.Rf2+ 
Ke3 67.Ra2 Kf3 68.Ra3+ Kf4 69.Kh3 e5 70.Rg3 e4 71.Rxg6 Rxa4 72.Kg2 Ke3 73.
Rb6 Ra2+ 74.Kf1 Ra1+ 75.Kg2 Rd1 76.Re6 Rd5 77.Kf1 Rf5+ 78.Ke1 Rb5 79.Kf1 
Rb4 80.Re8 Rb1+ 1/2-1/2

[Event "43rd POL-ch"]
[Site "Bytom POL"]
[Date "1986.02.??"]
[Round "15"]
[White "Staniszewski, Piotr"]
[Black "Panczyk, Krzysztof"]
[Result "1-0"]
[WhiteElo "2405"]
[BlackElo "2375"]
[EventDate "1986.02.02"]
[PlyCount "87"]

1.Nf3 Nf6 2.c4 e6 3.Nc3 d5 4.d4 dxc4 5.e4 Bb4 6.Bg5 b5 7.a4 c5 8.axb5 cxd4
9.Nxd4 Bb7 10.f3 O-O 11.Bxc4 Qc7 12.Qb3 Bd6 13.b6 Qxb6 14.Qxb6 axb6 15.
Rxa8 Bxa8 16.Ke2 Nbd7 17.Nxe6 Re8 18.Ba2 Be5 19.Rd1 h6 20.Bxf6 Nxf6 21.g3 
Bxc3 22.bxc3 Bxe4 23.fxe4 Nxe4 24.Kf3 Nxc3 25.Rc1 b5 26.Nf4 b4 27.Nd5 Ra8 
28.Nxc3 bxc3 29.Bb3 Rc8 30.Ke3 g6 31.Kd4 Kg7 32.Rxc3 Rxc3 33.Kxc3 f5 34.
Kd4 Kf6 35.Ke3 h5 36.h3 g5 37.Kd4 g4 38.h4 f4 39.gxf4 g3 40.Bd5 Kf5 41.Ke3
Kg4 42.Be6+ Kxh4 43.Kf3 g2 44.Kf2 1-0